Jakie rzeczy mamy przy łóżku? - Statystyki

Ogólne statystyki
  • Ten quiz został rozwiązany 133 razy
    27 od ostatniego zresetowania
  • Średni wynik to 3 z 11
Statystyki odpowiedzi
Odpowiedź % Poprawnych
Telefon
89%
Książka
53%
Budzik
47%
Lampka nocna
42%
Stolik
42%
Okulary
37%
Kapcie
26%
Szklanka wody
11%
Amol
0%
Wibrator
0%
Zabawki
0%
Nie znaleziono quizów pasujących do podanych kryteriów
Rozkład punktacji
Procent ludzi z każdym wynikiem
Percentyl według liczby udzielonych odpowiedzi
Twoja historia wyników
Nie rozwiązałeś tego quizu od ostatniego zresetowania